Théories contemporaines de l'éducation

Saved in:
Bibliographic Details
Main Author: Bertrand, Yves
Format: Book
Language:Undetermined
Published: Canada Nouvelles 1998
Subjects:
Tags: Add Tag
No Tags, Be the first to tag this record!
Institutions: Trung tâm Học liệu Trường Đại học Cần Thơ
LEADER 00494nam a2200181Ia 4500
001 CTU_41592
008 210402s9999 xx 000 0 und d
082 |a 370.1 
082 |b B551 
100 |a Bertrand, Yves 
245 0 |a Théories contemporaines de l'éducation 
245 0 |c Yves Bertrand 
260 |a Canada 
260 |b Nouvelles 
260 |c 1998 
650 |a Education 
904 |i Nguyễn Quang Điền, 010530 
980 |a Trung tâm Học liệu Trường Đại học Cần Thơ